Statistics for Minnesota Timberwolves All-Time Roster

Click here to take the quiz!

General Stats

  • This quiz has been taken 94 times
  • The average score is 5 of 12

Answer Stats

Post Player % Correct
CKevin Garnett
99%
PFKevin Love
81%
BNSam Cassell
64%
BNRicky Rubio
62%
BNTom Gugliotta
31%
BNChristian Laettner
28%
BNStephon Marbury
28%
SGWally Szczerbiak
27%
SFSam Mitchell
26%
BNAl Jefferson
26%
PGTerrell Brandon
15%
BNTony Campbell
10%

Score Distribution

Percentile by Number Answered

Percent of People with Each Score

Your Score History

You have not taken this quiz